| 000 | 00758nam a2200229Ii 4500 | ||
|---|---|---|---|
| 003 | JO-AjNU | ||
| 008 | 230605s9999||||xx |||||||||||||| ||und|| | ||
| 017 | _a10358/2013 | ||
| 020 | _a978-977-04-7317-7 | ||
| 040 |
_aJO-AjNU _bara _erda _cJO-AjNU |
||
| 041 | _aara | ||
| 050 | 1 | 4 | _aBP166.7.2013 |
| 100 | 3 |
_aتوفيق، نور الدين محمد, _eauthor _964409 |
|
| 245 | 0 | 0 | _aعالمية حقوق الانسان والخصوصية الاسلامية |
| 250 | _aط1 | ||
| 264 | 3 | 1 | _aالقاهرة: دار النهضة العربية، 2013 |
| 300 | _a612ص | ||
| 336 |
_atext _btxt _2rdacontent |
||
| 337 |
_aunmediated _bn _2rdamedia |
||
| 338 |
_avolume _bnc _2rdacarrier |
||
| 650 | 4 |
_aحقوق الانسان-فلسفة اسلامية _964410 |
|
| 999 |
_aA29352 _c32920 _d32920 |
||